| 000 | 01374njm a2200301 i 4500 | ||
|---|---|---|---|
| 001 | 4991 | ||
| 003 | ES-MaACL | ||
| 005 | 20250622050157.0 | ||
| 007 | s|r||||||||||| | ||
| 008 | 070907s1984 sp ||| g ||||||||1|nspa d | ||
| 100 | 1 |
_aMorillas, Enriqueta. _983553 |
|
| 245 | 1 | 4 |
_aLas novelas _h[Grabación sonora] _b: "Los premios" / _cinterviene Enriqueta Morillas . "69-modelo para amar" / interviene Teodosio Fernández . "Libro de Manuel" / interviene Pablo Sorozábal Serrano. |
| 260 |
_aMadrid : _bAteneo de Madrid, _c1984. |
||
| 300 |
_a2 discos (CD-DA) (2 h. 36 min. 24 seg.) ; _c12 cm. |
||
| 490 | 1 | _aVos sabés que te queremos, Julio: in memoriam Julio Cortázar | |
| 500 | _aDatos basados en la invitación. | ||
| 518 | _aActo organizado por el Ateneo de Madrid, celebrado en el salón de actos el miércoles, 11 de abril de 1984, a las 19:00 h. | ||
| 600 | 1 | 4 |
_aCortázar, Julio- _vHomenajes. _940827 |
| 610 | 0 | 4 |
_aAteneo de Madrid- _xActos culturales- _y1984- _vGrabaciones sonoras _91899 |
| 700 | 1 |
_aFernández, Teodosio. _949431 |
|
| 700 | 1 |
_aSorozábal Serrano, Pablo. _9107423 |
|
| 710 | 2 |
_aAteneo de Madrid. _91875 |
|
| 830 | 1 |
_aVos sabés que te queremos, Julio: in memoriam Julio Cortázar _9176769 |
|
| 852 | 4 |
_aES-MaACL _jROT 5/6/15 _95108 _cROT |
|
| 852 | 4 |
_aES-MaACL _jROT 5/6/16 _9203676 _cROT |
|
| 942 | _2udc | ||
| 999 |
_c4991 _d4991 |
||